| 000 | 00610nam a2200229 a 4500 | ||
|---|---|---|---|
| 001 | 425 | ||
| 003 | CDMR | ||
| 005 | 20131119100100.0 | ||
| 008 | 130130s1975||||||||||||||||||||||||||||d | ||
| 020 | _a847364042X | ||
| 040 |
_aCDMR _bcat _cCDMR |
||
| 245 | 0 | 0 |
_aCensura y política en los escritores españoles _cAntonio Beneyto |
| 250 | _a2a ed. | ||
| 260 |
_aBarcelona _c1975 _bEuros |
||
| 300 | _a292 p. | ||
| 490 | 0 | _aEspaña: Punto y Aparte | |
| 650 | 0 | 4 |
_92723 _aCensura |
| 650 | 0 | 4 |
_94368 _aEscriptors _vIntervius |
| 650 | 0 | 4 |
_93246 _aEspanya _xPolítica |
| 700 | 1 |
_9300 _aBeneyto, Antonio |
|
| 942 |
_cMON _2ddc |
||
| 999 |
_c425 _d425 |
||